|
|
|
|
| LEADER |
00000nab a2200000 a 4500 |
| 001 |
vtls000198708 |
| 003 |
SK-MaSNL |
| 005 |
20260304055725.0 |
| 008 |
250422c1984 xo 0 slo |
| 015 |
|
|
|a SNBRB19rr/mm-uuuuu
|
| 035 |
|
|
|a CL0208821
|
| 035 |
|
|
|a urn:nbn:sk:snk-abd063
|
| 035 |
|
|
|a (urnnbn)urn:nbn:sk:snk:ar-006tf3
|
| 035 |
|
|
|a (uuid)fd461bd2-dc2f-412a-bb37-cfd70bc92b78
|
| 040 |
|
|
|a SNKBUCL
|b slo
|c SNKBUCL
|e AACR2
|
| 041 |
0 |
|
|a slo
|
| 044 |
|
|
|a xo
|c SK
|
| 080 |
|
|
|a 621.3-051
|2 1981
|
| 080 |
|
|
|a 378.124
|2 1981
|
| 080 |
|
|
|a 929 Gvozdjak, Ladislav
|2 1981
|
| 245 |
0 |
0 |
|a Prof. dr. Ing. Ladislav Gvozdjak 65- ročný
|
| 600 |
1 |
7 |
|a Gvozdjak, Ladislav,
|d 1919-1998
|2 snkbucl
|9 165578
|
| 655 |
|
7 |
|a články z novín a časopisov
|2 snkbucl
|9 267496
|
| 773 |
0 |
|
|t Elektrotechnický časopis
|g Roč. 35, č. 9 (1984), s. 735-736
|
| 850 |
|
|
|a Slovenská národná knižnica
|
| 852 |
|
|
|a Slovenská národná knižnica
|
| 954 |
|
|
|a odborná, vedecká literatúra pôvodná (slovenská)
|2 lita
|
| 958 |
|
|
|a article17
|
| 958 |
|
|
|a BX
|
| 958 |
|
|
|a RK
|
| 958 |
|
|
|a OND
|
| 958 |
|
|
|a EUIPO
|
| 992 |
|
|
|a RBX
|
| 999 |
|
|
|c 2726063
|d 2727993
|